000 01576camaa22004091i 4500
001 14656366
003 EG-GICUC
005 20260514111258.0
008 061205s2007 waua jr 001 0 eng d
010 _a 2006939802
020 _a9780735623361
020 _a0735623368
040 _aBVA
_cBVA
_dDLC
_beng
_erda
082 0 0 _a005.276
_221
_bSh238
092 0 4 _221
_a005.276
_bSh238
099 _a005.276 Sh238
100 1 _aSharp, John,
_d1964-
_eAuthor.
245 1 0 _aMicrosoft Windows Communication Foundation step by step /
_cJohn Sharp.
264 _aRedmond, Wash. :
_bMicrosoft Press,
_cc2007.
300 _axxvi, 415 pages :
_billustration ;
_c23 cm. +
_e1 CD-ROM (4 3/4 in.)
336 _atext
_btxt
_2rdacontent
337 _aunmediated
_bn
_2rdamedia
338 _avolume
_bnc
_2rdacarrier
500 _aIncludes index.
504 _aBibliography: pages 403-415.
541 _aوزارة الثقافة ؛
_bالقاهرة ؛
_cإهداء ؛
_d2023.
630 0 0 _aMicrosoft Windows (Computer file)
650 0 _aApplication software
_xDevelopment.
650 0 _aWeb services.
650 0 _aElectronic data processing
_xDistributed processing.
650 0 _aInternet programming.
856 4 2 _3Publisher description
_uhttp://www.loc.gov/catdir/enhancements/fy1004/2006939802-d.html
856 4 1 _3Table of contents only
_uhttp://www.loc.gov/catdir/enhancements/fy1009/2006939802-t.html
856 4 2 _3Contributor biographical information
_uhttp://www.loc.gov/catdir/enhancements/fy1105/2006939802-b.html
905 _aSamah
942 _2ddc
_cBK
_e21
_n0
999 _c180140
_d180140